000 00628cam a22002053a 4500
001 42043
003 PGUSA
005 20140828083941.0
008 130207s2013||||xxu|||||s|||||000 | eng d
040 _aPGUSA
_beng
042 _adc
100 1 _aPrice, George McCready,
_d1870-1963
245 1 0 _aIllogical Geology :
_bThe Weakest Point in The Evolution Theory
_h[electronic resource] /
_cGeorge McCready Price
260 _bProject Gutenberg,
_c2013
506 _aPublic domain in the USA.
516 _aElectronic text
830 0 _aProject Gutenberg
_v42043
856 4 0 _uhttp://www.gutenberg.org/ebooks/42043
942 _cEB
999 _c271295
_d271295